Нормален изглед
MARC изглед
- 1944-1989
Вход 08. Ключови думи
001 - Контролен номер на записа
- Контролно поле: 436327
003 - Код на организацията, даваща контролен номер
- Контролно поле: BLK
005 - Дата и час на последна промяна на записа
- Контролно поле: 20201124135037.0
008 - Данни с фиксирана дължина – обща информация
- Данни с фиксирана дължина : 201124|| aca||aabn | a|a d
153 ## - Ключови думи
- Ключова дума: 1944-1989
942 ## - Системна служебна употреба
- Koha auth type: KEW